000 00387nam a22001697a 4500
003 OSt
005 20210922154841.0
008 210922b |||||||| |||| 00| 0 eng d
020 _a0631146253
040 _cHU
082 _21st
_a160/GUT
100 _aSamuel Guttenplan
_96244
245 _aThe Languages of Logic
250 _a1st
260 _aUSA
_bHall
_c1986
942 _2ddc
_cBOOKS
_n0
999 _c6032
_d6032